[Event "It (open)"]
[Site "masterchessopen.com Ferrol (Spain)"]
[Round "1"]
[White "Herrera Irisberto (ESP)"]
[Black "Naya Varela Martin (ESP)"]
[Result "1-0"]
[WhiteElo "2439"]
[BlackElo "2142"]

1.e4 c5 2.Nf3 e6 3.d4 cxd4 4.Nxd4 Nf6 5.Nc3 d6 6.f4 a6 7.Qf3 Be7 8.Be3 Qc7
9.g4 Nc6 10.g5 Nd7 11.O-O-O Nc5 12.Kb1 Bd7 13.h4 O-O-O 14.Rh2 Rhg8 15.Rhd2
Nxd4 16.Bxd4 Bc6 17.Qe3 Qa5 18.Ka1 Kb8 19.Rb1 Qc7 20.b4 Nd7 21.b5 axb5 22.Nxb5
Bxb5 23.Ba7+ Kc8 24.Rxb5 Nc5 25.Rd4 Rd7 26.Bb6 {#r} 1-0

[Event "Ch France (team) (juniors) 2002/03"]
[Site "masterchessopen.com France"]
[Round "1"]
[White "Chau Olivier (FRA)"]
[Black "Didier Quentin (FRA)"]
[Result "1-0"]
[WhiteElo "2134"]
[BlackElo "2093"]

1.e4 c5 2.Nf3 d6 3.d4 cxd4 4.Nxd4 Nf6 5.Nc3 e6 6.f4 Nc6 7.Nf3 Qb6 8.Bd3 Be7
9.Qe2 O-O 10.Bb5 d5 11.Na4 Qc7 12.e5 Ne4 13.O-O a6 14.Bd3 b5 15.Nc3 Nxc3
16.bxc3 g6 17.Be3 Bd7 18.Kh1 Na5 19.Bd4 Rac8 20.Qf2 Nc4 21.g4 b4 22.cxb4 Bxb4
23.Qh4 Qd8 24.Ng5 h5 25.gxh5 {#r} 1-0

[Event "It (open)"]
[Site "masterchessopen.com Leinfeld (Germany)"]
[Round "9"]
[White "Schmaltz Roland (GER)"]
[Black "Laubsch Bernd (GER)"]
[Result "1-0"]
[WhiteElo "2529"]
[BlackElo "2295"]

1.e4 c5 2.Nf3 e6 3.d4 cxd4 4.Nxd4 Nf6 5.Nc3 d6 6.f4 Nc6 7.Nf3 a6 8.Bd3 b5
9.O-O b4 10.Ne2 a5 11.Qe1 Be7 12.Ng3 O-O 13.e5 Nd5 14.Ne4 Ba6 15.Qg3 Bxd3
16.cxd3 Kh8 17.Bd2 Rc8 18.Kh1 Na7 19.Qh3 Rc2 20.f5 dxe5 21.Nxe5 Qc8 22.fxe6
fxe6 23.Ng6+ Kg8 24.Nxf8 Bxf8 25.Ng5 {#r} 1-0

[Event "Memorial Pablo Gorbea (open)"]
[Site "masterchessopen.com Madrid (Spain)"]
[Round "1"]
[White "Poulsen Martin (FAI)"]
[Black "Garcia Fernandez Jesus (ESP)"]
[Result "1-0"]
[WhiteElo "2244"]
[BlackElo "1922"]

1.e4 c5 2.Nc3 d6 3.f4 Nf6 4.Nf3 e6 5.d4 cxd4 6.Nxd4 a6 7.Qf3 Be7 8.Be3 O-O
9.g4 Nc6 10.Rg1 Nxd4 11.Bxd4 Qc7 12.Bd3 b5 13.Bxf6 Bxf6 14.e5 Qb6 15.O-O-O
dxe5 16.Qxa8 Bb7 17.Bxh7+ {#r} 1-0

[Event "Ch Spain (team) (1 Div)"]
[Site "masterchessopen.com Mondariz (Spain)"]
[Round "5"]
[White "Sanz Alonso Francisco J (ESP)"]
[Black "Vehi Bach Victor M (ESP)"]
[Result "1-0"]
[WhiteElo "2400"]
[BlackElo "2392"]

1.e4 c5 2.Nf3 e6 3.d4 cxd4 4.Nxd4 Nf6 5.Nc3 d6 6.f4 Be7 7.Bd3 O-O 8.O-O Nc6
9.Nf3 Nb4 10.Kh1 Nxd3 11.cxd3 b6 12.Qe2 Bb7 13.Bd2 Ne8 14.Rae1 Nc7 15.Ng5 g6
16.Qg4 h5 17.Qg3 Kg7 18.f5 Bf6 19.Nxf7 Kxf7 20.Qxg6+ Ke7 21.fxe6 Kxe6 22.Bh6
Rg8 23.Qf5+ Kf7 24.Qh7+ Ke6 25.Nd5 {#r} 1-0

[Event "Ch Netherlands (juniors) (under 16)"]
[Site "masterchessopen.com Netherlands"]
[Round "8"]
[White "Brandenburg Daan (NED)"]
[Black "Van Den Berg Bram (NED)"]
[Result "1-0"]
[WhiteElo "2200"]
[BlackElo "2187"]

1.e4 c5 2.Nf3 e6 3.d4 cxd4 4.Nxd4 Nf6 5.Nc3 d6 6.f4 Nc6 7.Nb3 Be7 8.a3 a6
9.Bd3 b5 10.Qf3 Bb7 11.O-O Qc7 12.Kh1 O-O 13.Bd2 Nd7 14.Qh3 Rfd8 15.Rf3 g6
16.Raf1 Nc5 17.Rg3 Nxb3 18.cxb3 Nd4 19.Be3 Nxb3 20.f5 exf5 21.exf5 Bc8 22.Qh5
Bxf5 23.Qxf5 Bf8 24.Nd5 Qb7 25.Nf6+ Kh8 26.Qh5 {#r} 1-0

[Event "Ch Pan-American (juniors) (under 16)"]
[Site "masterchessopen.com Villa Giardino"]
[Round "5"]
[White "Hungaski Robert Andrew (USA)"]
[Black "Hormaeche Pablo (ARG)"]
[Result "1-0"]
[WhiteElo "2120"]
[BlackElo "2112"]

1.e4 c5 2.Nf3 e6 3.d4 cxd4 4.Nxd4 Nf6 5.Nc3 d6 6.f4 a6 7.Qf3 Qc7 8.Be3 Nc6
9.O-O-O Rb8 10.Bd3 Nxd4 11.Bxd4 e5 12.fxe5 dxe5 13.Qg3 Nd7 14.Nd5 Qd6 15.Ba7
Ra8 16.Be3 Qc6 17.Rhf1 f6 18.Be2 g6 19.h4 b5 20.Rd3 Rb8 21.Rc3 Qd6 22.Bg4 Bg7
23.Rd1 {#r} 1-0

[Event "Cup Slovakia"]
[Site "masterchessopen.com Martin (Slovakia)"]
[Round "2"]
[White "Gajdosik Andrej (SVK)"]
[Black "Hanko Pavol (SVK)"]
[Result "0-1"]
[WhiteElo "2039"]
[BlackElo "2199"]

1.e4 c5 2.Nf3 e6 3.d4 cxd4 4.Nxd4 Nf6 5.Nc3 d6 6.f4 Nc6 7.Nf3 Be7 8.Be3 O-O
9.Qd2 a6 10.O-O-O Qc7 11.h3 b5 12.Bd3 b4 13.Ne2 a5 14.Ned4 Nxd4 15.Bxd4 Bb7
16.Rde1 a4 17.Qxb4 d5 18.Qd2 dxe4 19.Bxf6 Bxf6 20.Bxe4 a3 21.Ne5 axb2+ 22.Kxb2
Bxe5+ 23.fxe5 Qxe5+ {#R} 0-1

[Event "It (cat.4)"]
[Site "masterchessopen.com St. Lo (France)"]
[Round "7"]
[White "Philippe Christophe (FRA)"]
[Black "Berube Richard (CAN)"]
[Result "1-0"]
[WhiteElo "2371"]
[BlackElo "2186"]

1.e4 c5 2.Nf3 e6 3.d4 cxd4 4.Nxd4 Nf6 5.Nc3 d6 6.f4 Nc6 7.Nf3 Qc7 8.Bd3 a6
9.O-O Be7 10.Qe1 Nb4 11.Kh1 O-O 12.Bd2 d5 13.e5 Nxd3 14.cxd3 Nd7 15.f5 d4
16.f6 dxc3 17.fxe7 Re8 18.Bxc3 Rxe7 19.Rc1 Qb6 20.Qh4 Re8 21.Ng5 h6 22.Qh5 Rf8
23.Nxf7 Qe3 24.Rce1 Qxd3 25.Bb4 g6 26.Qxh6 {#r} 1-0

[Event "It (open)"]
[Site "masterchessopen.com Voronezh (Russia)"]
[Round "2"]
[White "Rodin Dmitrij (RUS)"]
[Black "Iliushkin Evgen (RUS)"]
[Result "1-0"]
[WhiteElo "2421"]
[BlackElo "2312"]

1.e4 c5 2.Nf3 e6 3.d4 cxd4 4.Nxd4 Nf6 5.Nc3 d6 6.f4 Nc6 7.Be3 Be7 8.Qf3 O-O
9.O-O-O Bd7 10.Rg1 Nxd4 11.Bxd4 Bc6 12.g4 Qa5 13.g5 Nd7 14.Qh3 g6 15.Qh6 e5
16.Rd3 Rfc8 17.Rh3 Nf8 18.f5 gxf5 19.exf5 Be4 20.f6 Ne6 21.g6 {#r} 1-0

[Event "It (open)"]
[Site "masterchessopen.com Amsterdam (Netherlands)"]
[Date "2004.07.24"]
[Round "8"]
[White "Gazic Josip (GER)"]
[Black "Dambacher Martijn (NED)"]
[Result "0-1"]
[WhiteElo "2229"]
[BlackElo "2407"]

1.e4 c5 2.Nf3 e6 3.d4 cxd4 4.Nxd4 Nf6 5.Nc3 d6 6.f4 Nc6 7.Be2 Be7 8.Bf3 O-O
9.g4 Nxd4 10.Qxd4 e5 11.Qg1 d5 12.f5 dxe4 13.Nxe4 Nxe4 14.Bxe4 Qa5+ 15.c3 Bh4+
16.Ke2 Bd7 17.g5 Qa6+ 18.Kf3 Bc6 19.Qe3 Rad8 20.Kg4 Qc4 21.Kxh4 Bxe4 22.b3 Qc6
23.Re1 Bxf5 24.Qxe5 Rfe8 25.Qg3 Rxe1 26.Qxe1 Rd3 {#R} 0-1

[Event "It (open)"]
[Site "masterchessopen.com Calvia (Spain)"]
[Date "2004.11.02"]
[Round "2"]
[White "Astengo Corrado (ITA)"]
[Black "Aguera Naredo Javier (ESP)"]
[Result "0-1"]
[WhiteElo "2134"]
[BlackElo "2376"]

1.e4 c5 2.Nf3 d6 3.d4 cxd4 4.Nxd4 Nf6 5.Nc3 e6 6.f4 Be7 7.Bb5+ Bd7 8.e5 dxe5
9.fxe5 Nd5 10.Nxd5 exd5 11.e6 Bxb5 12.exf7+ Kxf7 13.Nxb5 Bh4+ 14.g3 Re8+
15.Kf1 Qd7 16.Qd3 a6 17.Nc3 d4 18.Ne2 Bf6 19.Qxh7 Qd5 20.Qg6+ Kf8 21.b3 Qf3+
22.Kg1 Rxe2 23.Ba3+ Kg8 {#R} 0-1

[Event "Ch Romania (w) (knock-out system)"]
[Site "masterchessopen.com Brasov (Romania)"]
[Date "2004.11.20"]
[Round "1"]
[White "Peptan Corina-Isabela (ROM)"]
[Black "Apostoaie Lacramioara-Liliana (ROM)"]
[Result "1-0"]
[WhiteElo "2429"]
[BlackElo "2188"]

1.e4 c5 2.Nf3 e6 3.d4 cxd4 4.Nxd4 Nf6 5.Nc3 d6 6.f4 a6 7.Qf3 Qc7 8.Be3 Be7
9.O-O-O Nc6 10.g4 Nxd4 11.Bxd4 e5 12.fxe5 dxe5 13.Qg3 Bd6 14.Be3 Be6 15.g5 Nd7
16.Bh3 Bb4 17.Nd5 Qa5 18.Nxb4 Qxb4 19.g6 Bxh3 20.gxf7+ Kxf7 21.Qxh3 Nf6
22.Rd7+ Kf8 23.Rc7 b6 24.Qe6 {#r} 1-0

[Event "It (open)"]
[Site "masterchessopen.com Bajada de la Virgen (Spain)"]
[Date "2005.06.16"]
[Round "6"]
[White "Vega Gutierrez Belinda (ESP)"]
[Black "Vehi Bach Victor M (ESP)"]
[Result "0-1"]
[WhiteElo "2101"]
[BlackElo "2416"]

1.e4 c5 2.Nf3 e6 3.d4 cxd4 4.Nxd4 Nf6 5.Nc3 d6 6.f4 Nc6 7.Be3 Be7 8.Qf3 O-O
9.Rg1 Nxd4 10.Bxd4 e5 11.Be3 Qa5 12.Bd3 b5 13.Bd2 b4 14.Nd5 Nxd5 15.exd5 Rb8
16.f5 e4 17.Qxe4 Bf6 18.Rf1 Bxb2 19.f6 g6 20.Qh4 Bxa1 21.c3 Qd8 22.g4 bxc3
23.Bg5 c2 24.Bxc2 Rb4 25.Rf3 Bxf6 26.Bxf6 Rxg4 {#R} 0-1

[Event "It (open)"]
[Site "masterchessopen.com Villa Ballester (Argentina)"]
[Date "2006.01.06"]
[Round "2"]
[White "Fiori Hector (ARG)"]
[Black "De Dovitiis Alejo (ARG)"]
[Result "0-1"]
[WhiteElo "2206"]
[BlackElo "2356"]

1.e4 c5 2.Nf3 e6 3.d4 cxd4 4.Nxd4 Nf6 5.Nc3 d6 6.f4 Nc6 7.Nb3 d5 8.e5 Nd7
9.Be3 Bb4 10.a3 Bxc3+ 11.bxc3 f6 12.Bd3 Qe7 13.exf6 Qxf6 14.O-O O-O 15.Nd4 Rf7
16.Nf3 Nf8 17.Kh1 Qxc3 18.Nd4 Nxd4 19.Bxd4 Qc6 20.Qh5 Bd7 21.Rf3 Qa4 22.c3 Bb5
23.Bxh7+ Nxh7 24.Rh3 Qc2 {#R} 0-1

[Event "Ch Greece (team)"]
[Site "masterchessopen.com Ermioni (Greece)"]
[Date "2006.07.08"]
[Round "7"]
[White "Antoniou Antonis (CYP)"]
[Black "Darmarakis Mihail (GRE)"]
[Result "0-1"]
[WhiteElo "2164"]
[BlackElo "2183"]

1.e4 c5 2.Nf3 e6 3.d4 cxd4 4.Nxd4 Nf6 5.Nc3 d6 6.f4 a6 7.Qf3 Nbd7 8.Be3 Nc5
9.O-O-O Qc7 10.e5 dxe5 11.fxe5 Nfd7 12.Bf4 Nb6 13.Kb1 Bd7 14.Bg3 Be7 15.h4 Rc8
16.Qg4 g6 17.h5 g5 18.h6 Nba4 19.Nxa4 Nxa4 20.Bd3 Nxb2 21.Rdf1 Nxd3 22.cxd3
Qc3 23.Qe4 Ba3 24.Rf2 Qc1+ {#R} 0-1

[Event "It (open)"]
[Site "masterchessopen.com Brasschaat (Belgium)"]
[Date "2006.08.20"]
[Round "2"]
[White "Voet Dirk (BEL)"]
[Black "Vanderhallen Nicolas (BEL)"]
[Result "0-1"]
[WhiteElo "1857"]
[BlackElo "2175"]

1.e4 c5 2.Nf3 e6 3.d4 cxd4 4.Nxd4 Nf6 5.Nc3 d6 6.f4 Nc6 7.Be3 e5 8.Nxc6 bxc6
9.Be2 Qc7 10.O-O exf4 11.Bxf4 Be6 12.Kh1 Be7 13.Qe1 Qb7 14.Qg3 O-O 15.e5 dxe5
16.Bxe5 Ne8 17.b3 Rd8 18.Bd3 g6 19.Ne4 Bd5 20.Ng5 c5 21.Nxh7 Bxg2+ 22.Kg1 Bxf1
23.Rxf1 Bd6 {#R} 0-1

[Event "Ch World (juniors) (under 12) (g)"]
[Site "masterchessopen.com Batumi (Georgia)"]
[Date "2006.10.21"]
[Round "3"]
[White "Schut Lisa (NED)"]
[Black "Vasina Olena (UKR)"]
[Result "1-0"]
[WhiteElo "1967"]
[BlackElo "2004"]

1.e4 c5 2.Nf3 e6 3.d4 cxd4 4.Nxd4 Nf6 5.Nc3 d6 6.f4 a6 7.Qf3 Be7 8.Bd3 O-O
9.Be3 Qc7 10.g4 Nc6 11.f5 Ne5 12.Qg2 Nfxg4 13.Rg1 Bh4+ 14.Ke2 g6 15.Qh3 Nxe3
16.Qxh4 N3c4 17.f6 Kh8 18.Qh6 Rg8 19.Rg3 Ng4 20.Rxg4 g5 21.Rxg5 Bd7 22.Rg7
{#r} 1-0

[Event "It (open) \"]
[Site "masterchessopen.com St. Petersburg (Russia)"]
[Date "2007.07.03"]
[Round "9"]
[White "Davydov Andrey (RUS)"]
[Black "Guzenko Artem (RUS)"]
[Result "1-0"]
[WhiteElo "2351"]
[BlackElo "2091"]

1.e4 c5 2.Nf3 e6 3.d4 cxd4 4.Nxd4 Nf6 5.Nc3 d6 6.f4 a6 7.Qf3 Qc7 8.g4 b5 9.g5
Nfd7 10.a3 Bb7 11.Be3 Nc6 12.O-O-O Na5 13.f5 e5 14.Nb3 Nxb3+ 15.cxb3 d5
16.exd5 Bxa3 17.Kb1 Bb4 18.Ne4 Rd8 19.Bg2 Bd6 20.g6 f6 21.Rc1 Qb8 22.Ba7 Qxa7
23.Nxd6+ Kf8 24.Nf7 {#r} 1-0

[Event "Ch Asia"]
[Site "masterchessopen.com Cebu (Philippines)"]
[Date "2007.09.24"]
[Round "6"]
[White "Wen Yang (CHN)"]
[Black "Legaspi Rhobel (PHI)"]
[Result "1-0"]
[WhiteElo "2515"]
[BlackElo "2334"]

1.e4 c5 2.Nf3 e6 3.d4 cxd4 4.Nxd4 Nf6 5.Nc3 d6 6.f4 Be7 7.Qf3 O-O 8.Be3 a6
9.g4 Qc7 10.g5 Nfd7 11.O-O-O Re8 12.h4 Bf8 13.g6 fxg6 14.h5 gxh5 15.f5 Ne5
16.Qxh5 g6 17.fxg6 Nxg6 18.Bd3 Qg7 19.e5 Nd7 20.Nf3 dxe5 21.Rdg1 Nf6 22.Qh3 e4
23.Nxe4 Nxe4 24.Bxe4 Rd8 25.Ne5 {#r} 1-0

[Event "It (cat.3) (a)"]
[Site "masterchessopen.com Marianske Lazne (Czech Republic)"]
[Date "2008.01.24"]
[Round "7"]
[White "Lagerman Robert (ISL)"]
[Black "Plischki Sebastian (GER)"]
[Result "1-0"]
[WhiteElo "2363"]
[BlackElo "2409"]

1.e4 c5 2.Nf3 e6 3.d4 cxd4 4.Nxd4 Nf6 5.Nc3 d6 6.f4 Be7 7.Bd3 Nc6 8.Nf3 Qb6
9.Qe2 a6 10.Rb1 O-O 11.Be3 Qc7 12.O-O b5 13.Kh1 Bb7 14.a4 b4 15.Nd1 Rfe8
16.Bf2 e5 17.fxe5 Nxe5 18.Nxe5 dxe5 19.Bh4 Qc6 20.Bxf6 Bxf6 21.Ne3 Qxa4
22.Rxf6 gxf6 23.Qh5 Qd7 24.Nf5 {#r} 1-0

[Event "NRW-liga 2007/08"]
[Site "masterchessopen.com Germany"]
[Date "2008.04.27"]
[Round "9"]
[White "Van Assendelft Floris (NED)"]
[Black "Thesing Matthias (GER)"]
[Result "1-0"]
[WhiteElo "2253"]
[BlackElo "2403"]

1.e4 c5 2.Nf3 d6 3.d4 cxd4 4.Nxd4 Nf6 5.Nc3 e6 6.f4 Be7 7.Qf3 O-O 8.Be3 e5
9.Nf5 Bxf5 10.exf5 Nbd7 11.Be2 d5 12.Nxd5 e4 13.Nxe7+ Qxe7 14.Qg3 Qb4+ 15.Kf2
Qxb2 16.Rhd1 Rac8 17.c4 Nc5 18.Kf1 Rfd8 19.Bxc5 {#r} 1-0

[Event "Memorial P.Izmailov (cat.2)"]
[Site "masterchessopen.com Tomsk (Russia)"]
[Date "2008.07.10"]
[Round "7"]
[White "Tilicheev Viacheslav (RUS)"]
[Black "Bragin Aleksandr (RUS)"]
[Result "0-1"]
[WhiteElo "2234"]
[BlackElo "2209"]

1.e4 c5 2.Nf3 e6 3.d4 cxd4 4.Nxd4 Nf6 5.Nc3 d6 6.f4 a6 7.Be3 Qc7 8.Qf3 Nc6
9.O-O-O Bd7 10.g4 Nxd4 11.Rxd4 e5 12.Rc4 Bxg4 13.Rxc7 Bxf3 14.Rg1 Nxe4 15.Nxe4
Bxe4 16.fxe5 dxe5 17.Bc4 Be7 18.Rxg7 Rf8 19.Bh6 Kd8 20.Rxe7 Kxe7 21.Bg5+ Kd6
22.Bxf7 Rac8 23.Bd2 Rxc2+ 24.Kd1 Rxb2 25.Bb3 Rf2 26.Bb4+ Kc6 {#R} 0-1

[Event "Ch Spain (juniors) (under 14)"]
[Site "masterchessopen.com Padrun (Spain)"]
[Date "2008.07.15"]
[Round "4"]
[White "Montanes Arribas Adrian (ESP)"]
[Black "Rodriguez Lapetra Pablo (ESP)"]
[Result "0-1"]
[WhiteElo "2030"]
[BlackElo "1813"]

1.e4 c5 2.Nf3 e6 3.d4 cxd4 4.Nxd4 Nf6 5.Nc3 d6 6.f4 Nc6 7.Nb3 Be7 8.Qf3 O-O
9.g4 d5 10.e5 Nd7 11.Be3 d4 12.Nxd4 Bh4+ 13.Ke2 Ndxe5 14.Nxc6 bxc6 15.Bb6 Ba6+
{#R} 0-1

[Event "Ch Region (seniors)"]
[Site "masterchessopen.com Voronezh (Russia)"]
[Date "2008.11.21"]
[Round "4"]
[White "Lukovnikov Alexander (RUS)"]
[Black "Belov Yury (RUS)"]
[Result "1-0"]
[WhiteElo "2316"]
[BlackElo "1772"]

1.e4 c5 2.Nf3 e6 3.d4 cxd4 4.Nxd4 Nf6 5.Nc3 d6 6.f4 a6 7.Qf3 Qc7 8.Be3 Nc6
9.O-O-O Bd7 10.Be2 g6 11.g4 Nxd4 12.Bxd4 e5 13.fxe5 Nxg4 14.exd6 Bxd6 15.Bxh8
O-O-O 16.Bd4 Ne5 17.Qf2 Qc6 18.Nd5 Be6 {#r} 1-0

[Event "It (open)"]
[Site "masterchessopen.com Groningen (Netherlands)"]
[Date "2008.12.27"]
[Round "6"]
[White "Van Der Wiel John T H (NED)"]
[Black "Brandenburg Daan (NED)"]
[Result "1-0"]
[WhiteElo "2501"]
[BlackElo "2436"]

1.e4 c5 2.Nf3 d6 3.d4 cxd4 4.Nxd4 Nf6 5.Nc3 e6 6.f4 Nc6 7.Be3 Be7 8.Qf3 O-O
9.O-O-O Qc7 10.Be2 a6 11.g4 Nxd4 12.Bxd4 b5 13.g5 Nd7 14.Qh5 b4 15.Rd3 Re8
16.Rh3 Nf8 17.Bxg7 Kxg7 18.f5 f6 19.g6 Qa7 20.gxh7 Kh8 21.Qf7 {#r} 1-0

[Event "Ch Greece (juniors) (under 20) (g)"]
[Site "masterchessopen.com Greece"]
[Date "2009.01.06"]
[Round "5"]
[White "Ikonomopoulou Maria (GRE)"]
[Black "Papathanasiou Elisavet (GRE)"]
[Result "1-0"]
[WhiteElo "2052"]
[BlackElo "1638"]

1.e4 c5 2.Nf3 e6 3.d4 cxd4 4.Nxd4 Nf6 5.Nc3 d6 6.f4 a6 7.Qf3 Nc6 8.Be3 Bd7
9.O-O-O Qc7 10.g4 Nxd4 11.Bxd4 e5 12.fxe5 dxe5 13.Qg3 Bd6 14.Be3 Bxg4 15.h3
Bxd1 16.Qxg7 O-O-O 17.Qxf6 Bxc2 18.Kxc2 Bb4 19.Bb6 Rd6 20.Qxh8+ {#r} 1-0

[Event "Memorial Tringov (open)"]
[Site "masterchessopen.com Plovdiv (Bulgaria)"]
[Date "2009.02.01"]
[Round "1"]
[White "Petrov Marijan (BUL)"]
[Black "Tsolaki Eleni (GRE)"]
[Result "1-0"]
[WhiteElo "2479"]
[BlackElo "1682"]

1.e4 c5 2.Nc3 e6 3.Nf3 d6 4.d4 cxd4 5.Nxd4 Nf6 6.f4 a6 7.Bd3 Be7 8.O-O Qb6
9.Kh1 Bd7 10.Nf3 Nc6 11.Qe1 O-O 12.e5 dxe5 13.fxe5 Nd5 14.Qg3 Rfd8 15.Ng5 f6
16.Bxh7+ Kf8 17.Bd3 Qd4 18.Qh3 Ke8 19.Bg6+ {#r} 1-0

[Event "Ch Romania (w)"]
[Site "masterchessopen.com Eforie Nord (Romania)"]
[Date "2009.02.06"]
[Round "6"]
[White "Anusca Madalina-Maria (ROM)"]
[Black "Sandu Mihaela (ROM)"]
[Result "0-1"]
[WhiteElo "2005"]
[BlackElo "2312"]

1.e4 c5 2.Nf3 e6 3.d4 cxd4 4.Nxd4 Nf6 5.Nc3 d6 6.f4 Nc6 7.Be3 Be7 8.Qf3 a6
9.O-O-O Qc7 10.Rg1 Nxd4 11.Bxd4 O-O 12.g4 e5 13.fxe5 dxe5 14.Qg3 Bd6 15.Be3
Be6 16.Be2 Rfc8 17.g5 Nxe4 18.Qh4 Nxc3 19.Bd3 Nxa2+ 20.Kb1 g6 {#R} 0-1

[Event "Tournament (Elo)"]
[Site "masterchessopen.com Salekhard (Russia)"]
[Date "2009.02.14"]
[Round "0"]
[White "Orekhov Nikolai (RUS)"]
[Black "Zhdanov Andrey (RUS)"]
[Result "0-1"]
[WhiteElo "1790"]
[BlackElo "2051"]

1.e4 c5 2.Nf3 e6 3.d4 cxd4 4.Nxd4 Nf6 5.Nc3 d6 6.f4 Nc6 7.Be3 Qb6 8.b3 d5
9.exd5 Bb4 10.Qd3 Nxd5 11.Nb5 Nxe3 12.Ke2 Nd5 13.g3 a6 14.Nxd5 exd5 15.Nc3 Bf5
16.Qxf5 Nd4+ {#R} 0-1

[Event "It (open)"]
[Site "masterchessopen.com Stillwater (USA)"]
[Date "2009.05.23"]
[Round "2"]
[White "Brooks Michael A (USA)"]
[Black "Wawrzaszek Jason (USA)"]
[Result "1-0"]
[WhiteElo "2478"]
[BlackElo "1920"]

1.e4 c5 2.Nf3 e6 3.d4 cxd4 4.Nxd4 Nf6 5.Nc3 d6 6.f4 a6 7.Bd3 Nc6 8.Nxc6 bxc6
9.O-O e5 10.Kh1 Be7 11.fxe5 dxe5 12.Be3 O-O 13.Na4 Qa5 14.b3 Rb8 15.Qe1 Qc7
16.Nc5 Ng4 17.Bg1 f5 18.Bc4+ Kh8 19.Ne6 Bxe6 20.Bxe6 Rf6 21.Bxf5 Nxh2 22.Bxh2
Rh6 23.Bh3 {#r} 1-0

[Event "Ch Europe (active)"]
[Site "masterchessopen.com Warsaw (Poland)"]
[Date "2009.12.20"]
[Round "13"]
[White "Warakomski Tomasz (POL)"]
[Black "Kempinski Robert (POL)"]
[Result "1-0"]
[WhiteElo "2491"]
[BlackElo "2601"]

1.e4 c5 2.Nf3 e6 3.d4 cxd4 4.Nxd4 Nf6 5.Nc3 d6 6.f4 Be7 7.Qf3 Qb6 8.a3 O-O
9.Bd3 Nbd7 10.Be3 Nc5 11.O-O-O Nxd3+ 12.Rxd3 Qa6 13.Ndb5 Ne8 14.e5 d5 15.f5
exf5 16.Nxd5 Qxb5 17.Nxe7+ Kh8 18.Bd4 Be6 19.Qf4 Nc7 20.Rh3 {#r} 1-0

[Event "Ch Europe (w)"]
[Site "masterchessopen.com Rijeka (Croatia)"]
[Date "2010.03.17"]
[Round "11"]
[White "Vega Gutierrez Sabrina (ESP)"]
[Black "Kazimova Narmin (AZE)"]
[Result "1-0"]
[WhiteElo "2368"]
[BlackElo "2260"]

1.e4 c5 2.Nf3 d6 3.d4 cxd4 4.Nxd4 Nf6 5.Nc3 e6 6.f4 Nc6 7.Be3 Be7 8.Qf3 a6
9.O-O-O Qc7 10.g4 Nxd4 11.Bxd4 e5 12.fxe5 dxe5 13.Qg3 Bd6 14.Be3 Be6 15.Bb5+
Ke7 16.g5 Nh5 17.Qf2 Rac8 18.Bb6 Qb8 19.Rxd6 Qxd6 20.Rd1 Qxd1+ 21.Kxd1 axb5
22.Nxb5 Bg4+ 23.Ke1 Rc6 24.Bc5+ Ke6 25.Qd2 {#r} 1-0

[Event "Ch Hungary (juniors) (under 16)"]
[Site "masterchessopen.com Budapest (Hungary)"]
[Date "2010.07.03"]
[Round "8"]
[White "Tesik Csaba (HUN)"]
[Black "Kovacs Lajos (HUN)"]
[Result "1-0"]
[WhiteElo "2258"]
[BlackElo "2138"]

1.e4 c5 2.Nf3 e6 3.d4 cxd4 4.Nxd4 Nf6 5.Nc3 d6 6.f4 a6 7.Qf3 Be7 8.Be3 Qc7
9.g4 Nc6 10.g5 Nd7 11.h4 Nf8 12.O-O-O b5 13.Bd3 Bb7 14.Rhf1 b4 15.Nce2 Nd7
16.Kb1 Nc5 17.Nxc6 Qxc6 18.Nd4 Qc7 19.f5 e5 20.f6 Bf8 21.fxg7 Bxg7 22.Nf5 Bf8
23.Bxc5 dxc5 24.Bc4 Rd8 25.Bxf7+ {#r} 1-0

[Event "Tournament (open)"]
[Site "masterchessopen.com Kineshma (Russia)"]
[Date "2011.08.07"]
[Round "9"]
[White "Prikhodko Anton (RUS)"]
[Black "Prihodko Ilja (RUS)"]
[Result "1-0"]
[WhiteElo "2214"]
[BlackElo "2071"]

1.e4 c5 2.Nf3 e6 3.d4 cxd4 4.Nxd4 Nf6 5.Nc3 d6 6.f4 a6 7.Be3 Be7 8.Qf3 Qc7
9.O-O-O Nc6 10.Rg1 Nxd4 11.Bxd4 e5 12.fxe5 Bg4 13.Qg3 Bxd1 14.exf6 Bxf6
15.Bxf6 Bxc2 16.Qxg7 Rf8 17.Kxc2 Kd7 18.Qg4+ Ke8 19.e5 Qd7 20.Qxd7+ Kxd7
21.exd6 Kxd6 22.Bc4 Kc6 23.Rd1 Rae8 24.Bg7 {#r} 1-0

[Event "Memorial A.Rubinstein (b)"]
[Site "masterchessopen.com Polanica Zdroj (Poland)"]
[Date "2011.08.20"]
[Round "1"]
[White "Rudolf Michal (POL)"]
[Black "Wodas Pawel (POL)"]
[Result "1-0"]
[WhiteElo "2384"]
[BlackElo "1955"]

1.e4 c5 2.Nf3 d6 3.d4 cxd4 4.Nxd4 Nf6 5.Nc3 e6 6.f4 Be7 7.Be3 Nc6 8.Qf3 Bd7
9.O-O-O Nxd4 10.Bxd4 e5 11.fxe5 Bg4 12.exf6 Bxf3 13.fxe7 Qxe7 14.gxf3 O-O
15.Nd5 Qg5+ 16.Kb1 f6 17.Rg1 Qh4 18.Rg4 Qh6 19.Ne7+ {#r} 1-0

[Event "Memorial Maria Albulet (w)"]
[Site "masterchessopen.com Braila (Romania)"]
[Date "2011.09.02"]
[Round "5"]
[White "Makropoulou Marina (GRE)"]
[Black "Sandu Mihaela (ROM)"]
[Result "1-0"]
[WhiteElo "2282"]
[BlackElo "2221"]

1.e4 c5 2.Nf3 e6 3.d4 cxd4 4.Nxd4 Nf6 5.Nc3 d6 6.f4 Nc6 7.Be3 Be7 8.Qf3 e5
9.Nf5 Bxf5 10.exf5 O-O 11.O-O-O Qa5 12.Bc4 exf4 13.Qxf4 Ne5 14.Bb3 b5 15.g4
Nfxg4 16.Nd5 Qd8 17.Rhg1 Nxe3 18.Nxe7+ Kh8 19.f6 N3g4 20.Rxg4 Nxg4 21.fxg7+
Kxg7 22.Qxg4+ Kh8 23.Rg1 {#r} 1-0

[Event "Ch Continental Class"]
[Site "masterchessopen.com Arlington (USA)"]
[Date "2011.10.10"]
[Round "8"]
[White "Collier Philip M (USA)"]
[Black "Bauza Mercere Eduardo (ARG)"]
[Result "1-0"]
[WhiteElo "1968"]
[BlackElo "1854"]

1.e4 c5 2.Nf3 d6 3.d4 cxd4 4.Nxd4 Nf6 5.Nc3 e6 6.f4 a6 7.Be3 b5 8.a3 Bb7 9.Bd3
Nbd7 10.g4 Nc5 11.Qf3 d5 12.e5 Nfe4 13.Bxe4 dxe4 14.Qf2 Qc7 15.h4 Na4 16.Nxa4
bxa4 17.f5 Qxe5 18.fxe6 f6 19.O-O-O Bc5 20.Nf5 Bxe3+ 21.Qxe3 O-O 22.Rd7 Rab8
23.Rxg7+ Kh8 24.Rxh7+ {#r} 1-0